000
00197nam a22000857a 4500
100
_a
Ambily, K.K.
245
_a
Randam gadu valaprayogam
260
_b
Rubber, 688(September): 2023. 11-12.
942
_c
JS
999
_c
75073
_d
75073